00310cam a22001097a 4500008004000000082001700040100002500057245005000082260003400132300001000166650002400176180718b1951 xxu||||| |||| 00| 0 eng d aQ923x42 T249 aTemplewood, Viscount aShadow of the gallowscby Viscount Templewood aLondonbVictor Gollanczc1951 a159p. aCapital punishments